000 00786nam a2200277 a 4500
003 AR-BaBNM
005 20251128203824.0
008 082120s2002 ||||||||||||||000 | spa||
040 _cAR-BaBNM
100 1 _aFlournoy, Francés
245 0 0 _aLas matemáticas en la escuela primaria
260 _aBuenos Aires
_bTroquel
_c1968
300 _a128 p.
490 0 _aBiblioteca de la Nueva Educación
504 _aBibliografía: p. 125-126
650 4 _aENSEÑANZA DE LAS MATEMATICAS
650 4 _aMETODOS DE ENSEÑANZA
650 4 _aARITMETICA
650 4 _aGEOMETRIA
650 4 _aTEORIA DE LOS NUMEROS
653 _aEDUCACION PRIMARIA
700 1 _aGrossnickle, Foster E.
_eprologuista
700 1 _aLlosa de Molina, Sara M.
_etraductor
942 _cBK
998 _csilvi
999 _c5043
_d5043